Management procedures (Record no. 82473)

MARC details
000 -LEADER
fixed length control field 01110nam a2200193 a 4500
008 - FIXED-LENGTH DATA ELEMENTS--GENERAL INFORMATION
fixed length control field 120416s1975 ||||||||||||||||| || u
050 ## - LIBRARY OF CONGRESS CALL NUMBER
Classification number HD 31 Com
100 ## - MAIN ENTRY--PERSONAL NAME
Personal name Comte, Robert F
245 10 - TITLE STATEMENT
Title Management procedures
260 ## - PUBLICATION, DISTRIBUTION, ETC.
Place of publication, distribution, etc. Indianapolis
Name of publisher, distributor, etc. Bobbs-Merrill
Date of publication, distribution, etc. 1975
350 ## -
-- 0.00
650 #0 - SUBJECT ADDED ENTRY--TOPICAL TERM
Topical term or geographic name entry element MANAGEMENT
650 ## - SUBJECT ADDED ENTRY--TOPICAL TERM
Topical term or geographic name entry element MANAGEMENT PROCEDURES
995 ## -
-- TEXTBOOKS (ELEC.ENG.)
-- 0.00
-- 03892
-- CBU-SCHOOL TEXTBOOK COLLECTIONS
-- 1
-- 0.00
-- SCHOOL TEXTBOOK
-- 5
-- AVAILABLE
-- Aug 21, 2009
-- 03892
-- School Collections
995 ## -
-- BINDERY (DAMAGED)
-- 0.00
-- 713017
-- CBU-MAIN LIBRARY (Kitwe)
-- 2
-- 2.95
-- HD 31 Com
-- 3
-- DAMAGED
-- 003043
-- Main Library Open Access Collection
995 ## -
-- BINDERY (DAMAGED)
-- 0.00
-- 713015
-- CBU-MAIN LIBRARY (Kitwe)
-- 3
-- 2.95
-- HD 31 Com
-- 4
-- DAMAGED
-- 003044
-- Main Library Open Access Collection
995 ## -
-- BINDERY (DAMAGED)
-- 0.00
-- 713016
-- CBU-MAIN LIBRARY (Kitwe)
-- 1
-- 2.95
-- HD 31 Com
-- 1
-- DAMAGED
-- 003038
-- Main Library Open Access Collection
995 ## -
-- BINDERY (DAMAGED)
-- 0.00
-- 713014
-- CBU-MAIN LIBRARY (Kitwe)
-- 4
-- 2.95
-- HD 31 Com
-- 2
-- DAMAGED
-- 003039
-- Main Library Open Access Collection
999 ## -
-- 82473
-- 82473
Holdings
Withdrawn status Lost status Source of classification or shelving scheme Damaged status Not for loan Permanent Location Current Location Shelving location Date acquired Total Checkouts Full call number Barcode Date last seen Copy number Price effective from Koha item type
          CBU-MAIN LIBRARY, KITWE. CBU-MAIN LIBRARY, KITWE.   09/29/2023   HD 31 Com 003043 09/29/2023 2 09/29/2023 MONOGRAPH
          CBU-MAIN LIBRARY, KITWE. CBU-MAIN LIBRARY, KITWE.   09/29/2023   HD 31 Com 003044 09/29/2023 3 09/29/2023 MONOGRAPH
          CBU-MAIN LIBRARY, KITWE. CBU-MAIN LIBRARY, KITWE.   09/29/2023   HD 31 Com 003038 09/29/2023 4 09/29/2023 MONOGRAPH
          CBU-MAIN LIBRARY, KITWE. CBU-MAIN LIBRARY, KITWE.   09/29/2023   HD 31 Com 003039 09/29/2023 5 09/29/2023 MONOGRAPH
          CBU-SCHOOL TEXT BOOK COLLECTION CBU-SCHOOL TEXT BOOK COLLECTION   09/29/2023   SCHOOL TEXTBOOK 03892 09/29/2023 1 09/29/2023 MONOGRAPH